000 00650nam a22001817a 4500
999 _c166895
_d166895
010 _aENG-126169
020 _a978-93-8676-120-0
_c995.00
035 _aEN-109701
037 _bDBAD/PUB
082 _a512.9434
100 _aSingh,Arindama
245 _aIntroduction to Matrix Theory/
_cby Arindama Singh
260 _aNew Delhi
_bAne Books Pvt.Ltd.
_c2018
270 _a4821,Parwana Bhawan,1st Floor24 Ansari Road, Darya Ganj
_bNew Delhi
_e110002
_k+91(011)23276843
_l+91(011)23276863
_mkapoor@anebooks.com
300 _avii203p.
_c24cm(hb)
_bill
500 _ait includes Index and Bibliography
942 _2ddc
_cEN
_h512.9434
_mSIN